banner koha

Níveis de proteína digestivel e energia digestível em dietas para tilápias-do-nilo formuladas com base no conceito de proteína ideal (Registro n. 209987)

MARC details
000 -LÍDER
campo de controle de tamanho fixo 00937nas a2200289 4500
001 - NÚMERO DE CONTROLE
campo de controle BR2010004203
003 - IDENTIFICADOR DO NÚMERO DE CONTROLE
campo de controle BR-BrBNA
005 - DATA E HORÁRIO DA ÚLTIMA TRANSAÇÃO
campo de controle 20231205114706.0
007 - CAMPO FIXO DE DESCRIÇÃO FÍSICA--INFORMAÇÃO GERAL
campo de controle de tamanho fixo ta
008 - CAMPO DE DADOS FIXOS--INFORMAÇÃO GERAL
campo de controle de tamanho fixo 230509b bl.|||p| |||| 00| 00por d
040 ## - FONTE DA CATALOGAÇÃO
Instituição da catalogação original BR-BrBNA
Idioma da catalogação por
Instituição que transcreveu o registro Biblioteca Nacional de Agricultura
041 ## - CÓDIGO DE IDIOMA
Código do idioma do texto/trilha sonora ou título diferente (Pt)
072 ## - CÓDIGO DE CATEGORIA DE ASSUNTO
Código de Categoria de Assunto M12; L02
100 1# - ENTRADA PRINCIPAL--NOME PESSOAL
Nome pessoal Gonçalves, G.S.
100 1# - ENTRADA PRINCIPAL--NOME PESSOAL
Nome pessoal Pezzato, L.E.
100 1# - ENTRADA PRINCIPAL--NOME PESSOAL
Nome pessoal Barros, M.M.
100 1# - ENTRADA PRINCIPAL--NOME PESSOAL
Nome pessoal Hisano, H.
100 1# - ENTRADA PRINCIPAL--NOME PESSOAL
Nome pessoal Rosa, M.J.S.
245 1# - TÍTULO
Título Níveis de proteína digestivel e energia digestível em dietas para tilápias-do-nilo formuladas com base no conceito de proteína ideal
650 ## - ASSUNTO--TERMO TÓPICO
Cabeçalho tópico ou nome geográfico TILÁPIA NILÓTICA
650 ## - ASSUNTO--TERMO TÓPICO
Cabeçalho tópico ou nome geográfico AMINOÁCIDO
650 ## - ASSUNTO--TERMO TÓPICO
Cabeçalho tópico ou nome geográfico EXIGÊNCIA NUTRICIONAL
650 ## - ASSUNTO--TERMO TÓPICO
Cabeçalho tópico ou nome geográfico RAÇÃO
773 0# - ENTRADA ANALÍTICA
Título Revista Brasileira de Zootecnia (Brazil)
ISSN - International Standard Serial Number ISSN 1516-3598
Partes relacionadas (Dec 2009), v. 38(12) p. 2289-2298
Número de controle do registro BR2010004203
909 ## -
-- 202311
-- Lúcia
-- 55
-- Lúcia Elande
942 ## - ELEMENTOS DE ENTRADA ADICIONADOS (KOHA)
Fonte da classificação ou esquema de arquivamento na estante Classificação AGRIS
Ocultar no OPAC Não
Tipo de material Koha Analítica
Exemplares
Situação do descarte Fonte da classificação ou esquema de arquivamento na estante Situação física Não pode ser emprestado Biblioteca de origem Biblioteca atual Localização na estante Enumeração do periódico / cronologia Total de empréstimos Data de último acesso Número do exemplar Tipo de material Koha Fonte de aquisição
  Classificação AGRIS   Consulta local Biblioteca Nacional de Agricultura - Binagri Biblioteca Nacional de Agricultura - Binagri   (Dec 2009), v. 38(12) p. 2289-2298   29/11/2023 01 Periódicos Portaria Interministerial nº 164/94

BINAGRI

Telefone: (61)3218-2567/2388/3357/2097 - binagri@agro.gov.br

Ministério da Agricultura e Pecuária , Esplanada dos Ministérios, Bloco D, Anexo B, Brasília/DF, CEP: 70.043-900